000 00650nam a2200205Ia 4500
003 IN-BaIIA
008 211028s9999 xx 000 0 eng d
020 _a0-12-003812-9
040 _cIIA Library
080 _a047.1:539.18
_bADV-12
100 _aBates, D. R.
_94546
245 0 _aAdvances in atomic and molecular, physics
_bvol. 12
_cD. R. Bates and Immanuel Estermann
260 _aNew York
_bAcademic Press
_c1976
300 _axi, 440p.
650 _aAtomic physics
_91547
650 _aMolecular physics
_91914
650 _aNASA Thesaurus
700 _aEstermann, Immanuel
_99509
942 _cBK
999 _c5473
_d5473